Responses for Show #2310 - Friday, September 23, 1994

Contestants

[<< previous game]

Peter Pinnola, an attorney from Melrose Park, Pennsylvania

Bob Zalin, a Ph.D. candidate from New York City, New York

Neil Quarterman, a foreign service officer from Washington, D.C. (whose 3-day cash winnings total $40,803)

[next game >>]

Jeopardy! Round responses

BRITISH HISTORY
TV ACTORS & ROLES
ANNUAL EVENTS
MOUNTAINS
MISSED IT BY THAT MUCH
CROSSWORD CLUES "D"
    $100 6
Henry VIII

Neil
    $100 22
Happy Days

Neil
    $100 20
Louisiana

Bob
    $100 9
Mount Rushmore

Neil
    $100 1
(Neil: What is Mars?)

the moon

NeilBob
    $100 24
a dove

Bob
    $200 5
the Magna Carta

Neil
    $200 21
(Bob: Who is Tyne Daly?)

Sharon Gless

Bob
Triple Stumper
    $200 19
the Hatfields & the McCoys

Bob
    $200 11
Israel

Neil
    $200 18
Earth

Neil
    $200 25
doughnuts

Peter
    $300 2
the Prince of Wales

Bob
    $300 23
Dan Blocker

Bob
    $300 14
Vermont

Bob
    $300 7
Mt. Everest

Bob
    $300 12
the Buffalo Bills

Bob
    $300 26
decipher

Neil
    $400 3
Oxford & Cambridge

Neil
    $400 29
Jonny Quest

Bob
    $400 15
Battle Creek, Michigan

Neil
    $400 8
Mt. McKinley

Peter
    $400 13
Francois Mitterrand

Bob
    $400 27
dowager

Bob
    $500 4
Calais

Bob
    $500 30
Estelle Parsons

Peter
    $600 16
(Neil: What is the apple?)

the cranberry

Neil
    $500 10
(Neil: What is Stromboli?)

Mount Etna

NeilBob
    $500 17
Mendeleev

Bob
    $500 28
a deadlock

Bob

Scores at the first commercial break (after clue 15):

Neil Bob Peter
$800 $2,700 $400

Scores at the end of the Jeopardy! Round:

Neil Bob Peter
$800 $5,000 $1,100

Double Jeopardy! Round responses

THE AMERICAN REVOLUTION
MIDDLE NAMES
DOGS
QUOTATIONS
COUNTRIES OF THE WORLD
CIRCUS HISTORY
    $200 20
the Mississippi River

Neil
    $200 10
Kirk

Neil
    $200 23
the Chihuahua

Peter
    $200 15
Bob Dylan

Neil
    $200 1
Iran

Neil
    $200 27
a lion tamer

Bob
    $400 9
Boston

Peter
    $400 11
Strom

Neil
    $400 24
a tail

Bob
    $400 19
money

Neil
    $400 2
Egypt

Bob
    $400 28
Jumbo

Neil
    $600 4
Bunker Hill

Bob
    $600 12
Chester

Bob
    $600 25
a shar-pei

Peter
    $600 14
Yogi Berra

Peter
    $600 6
The Philippines

Peter
    $600 30
clowns

Peter
    $800 3
Molly Pitcher

Bob
    $800 13
Breese

Triple Stumper
    $800 26
(Neil: What is England?)

Wales

Neil
Triple Stumper
    $800 18
Peoria

Neil
    $800 7
(Peter: What is Canada?)

Russia

Peter
    $800 29
Gargantua

Peter
    $1000 5
Baron von Steuben

Neil
    $1,200 16
(Neil: Who was Singh?)

Oscar Wilde

Neil
    $1000 21
the Brussels Griffon

Triple Stumper
    $1000 17
Thomas Pynchon

Bob
    $1000 8
Slovakia

Bob
    $1000 22
(Bob: What is the Cirque Soleil?) [originally ruled correct, reversed before clue 27]

Cirque du Soleil

Bob
Triple Stumper

Scores at the end of the Double Jeopardy! Round:

Neil Bob Peter
$2,600 $9,000 $4,100
(lock game)

[wagering suggestions for these scores]

Final Jeopardy! Round responses

NOVELISTS
[Bob wrote his response on a paper card.]
NeilWho was Hemmingway?
$1,500
PeterWho was E. Hemingway
$1,101
BobWho was Hemmingway?
$500
Ernest Hemingway

Final scores:

Neil Bob Peter
$4,100 $9,500 $5,201
3rd place: Kroy labelling system New champion: $9,500 2nd place: "Mesa Con Frutas" serigraph by Manel Anoro & Lane Venture sleigh bed

Game dynamics:

Coryat scores:

Neil Bob Peter
$4,400 $9,000 $4,900
18 R,
5 W
(including 2 DDs)
24 R,
2 W
10 R,
1 W
(including 1 DD)

Combined Coryat: $18,300

[game clues] [game scores] [suggest correction]

Game tape date: 1994-07-26
The J! Archive is created by fans, for fans. Scraping, republication, monetization, and malicious use prohibited; this site may use cookies and collect identifying information. See terms. The Jeopardy! game show and all elements thereof, including but not limited to copyright and trademark thereto, are the property of Jeopardy Productions, Inc. and are protected under law. This website is not affiliated with, sponsored by, or operated by Jeopardy Productions, Inc. Join the discussion at JBoard.tv.